02222nam a2200349 i 450000100060000000300100000600500170001600700030003300800410003602000180007704000350009504100080013004300120013808400060015010000420015624500830019825000610028126400610034230000620040333600270046533700330049233800280052549000230055350001550057652008680073152100620159965000470166165000510170865000460175965000430180570000240184860739CO-BoRNBP20260317194616.0ta221102r20221996sp a 0 br 0 sf spa d a9788420744032 aCO-BoRNBPbspaerdacCO-BoRNBP0 aspa as-ck--- aN1 aDíaz, Gloria Cecilia,d1951- ,eaut10aÓyeme con los ojos /cGloria Cecilia Díaz ; ilustraciones de Chata Lucini. aPrimera edición.bCuadragésima segunda reimpresión 1aMadrid, España :bGrupo Anaya Editorial,c1996,c2022. a83 páginas :bilustraciones en blanco y negro ;c20 cm. atextobtxt2rdacontent asin mediaciónbn2rdamedia avolumenbnc2rdacarrier0 aSopa de librosv54 aEl material correspondiente a la dotación PNLB 2022, corresponde a la cuadragésimo segunda reimpresión de 2022, de la primera edición de 1996.3 aHoracio es un niño sordo, por una enfermedad que tuvo cuando era pequeño: no puede oír, pero oye con los ojos; y puede hablar con su voz «oxidada» o «cautiva», o con las manos en el lenguaje de los sordos. Vive con sus padres y sus hermanos en un barrio de Bogotá llamado El Jardín del Príncipe, en el que hay una casa diferente a las demás. Como es muy curioso, se dedica a espiar la casa, y un día decide entrar. Mientras admira ciertos objetos, es descubierto por la dueña. A Horacio le parece que Beatriz, la dueña, tiene miedo de él. Beatriz no acepta los defectos de los demás (Diana, una ahijada suya, también es sorda). Beatriz tiene un accidente de coche y se queda impedida. Ahora ella también necesita ayuda, y tiene que contratar a una persona, Ofelia, de quien Horacio no tarda en hacerse amigo. (Tomado de la fuente).1 aRecomendado para un público infantil mayor de 8 años.17aNovela infantil colombianaySiglo XX2rnbp17aLiteratura infantil colombianaySiglo XX2rnbp17aSordomudos en la literaturavNovela2rnbp17aNiños en la literatura2rnbpvNovela1 aLucini, Chata,eill